000 00314nam a2200133Ia 4500
008 240624s9999 xx 000 0 und d
041 _aeng
082 _a332.63 BES
100 _aBEST MICHAEL J
245 _aPORTFOLIO OPTIMIZATION
260 _c2010
_aLondon
_bCRC Press
300 _a236 : p.
365 _cBPS
_b27
999 _c16945
_d16945